| 000 | 00335 a2200133 4500 | ||
|---|---|---|---|
| 999 |
_c324335 _d324335 |
||
| 001 | 89262 | ||
| 003 | NUST | ||
| 082 | _a891.4393 UMA | ||
| 100 |
_aUmaira Ahmed _9743 |
||
| 245 | _aPeer-e-Kaamil (Sallalaho Alaihe Waalihi Wassalm) | ||
| 260 |
_aKarachi _bFeroz Sons _c2005 |
||
| 300 | _a526p. | ||
| 500 | _aGeneral Books | ||
| 942 |
_aCAE NUST _cBK _k891.4393 UMA _2ddc |
||